Countries Closest to Morocco - One Minute Sprint - Statistics

General Stats
  • This quiz has been taken 176 times
  • The average score is 13 of 20
Answer Stats
km country miles % Correct
0 Algeria 0
99%
0 Spain 0
99%
40 Mauritania 25
93%
807 Tunisia 501
90%
202 Portugal 125
88%
1021 Libya 634
86%
843 France 523
84%
363 Mali 226
83%
1012 Italy 629
77%
1233 Senegal 766
74%
867 Andorra 539
56%
1553 Gambia 965
56%
1449 Malta 900
50%
1556 United Kingdom 967
49%
1267 Monaco 788
46%
1482 Vatican City 921
40%
1590 San Marino 988
35%
1408 Switzerland 875
34%
1566 Cabo Verde 973
28%
0 Western Sahara 0
26%
No matching quizzes found
Score Distribution
Percent of People with Each Score
Percentile by Number Answered
Your Score History
You have not taken this quiz